Estadísticas para Inazuma Eleven GO Chrono Stones - Jugadores del Equipo Definitivo

Haz click aquí para intentar la prueba.

Estadísticas generales

  • Esta prueba ha sido intentada 86 veces
  • La puntuación promedio es 10 de 12

Estadísticas de respuestas

HintRespuesta% Correcto
8Arion Sherwind
100%
10Victor Blade
100%
20Jean-Pierre Lapin
98%
3Gabriel García
92%
9Riccardo Di Rigo
90%
11Fei Rune
87%
99Zanark Avalonic
87%
78Goldie Lemmon
85%
18Sol Daystar
82%
14Ryoma Nishiki
77%
21Sor
70%
19Bai Long
57%

Distribución de puntuación

Porcentaje por número respondido

Porcentaje de gente con cada puntuación

Historial de tus puntuaciones

No has intentado esta prueba.